000
00332ntaaa2200145 4500
003
01
005
20251027203137.0
008
0714s1973 ag 01
040
_a
AR-BaBN
_b
spa
_c
AR-BaBN
_e
aacr
_d
RIC
082
_a
783.9000
245
_a
Songs of Faith
250
_a
1 ed. :
_b
Broadman Press,
_c
c/933
650
_a
Himnario
942
_c
BK
999
_c
26803
_d
26803